Click the U.S. States, but you can't fail! - Statistics

General Stats
  • This quiz has been taken 225 times
  • The average score is 48 of 50
Answers on the Map
Answers color-coded by a green-red scale on the quiz's map according to % correct below.
 
Answer Stats
Answer % Correct
Colorado
98%
Florida
98%
Georgia
98%
Illinois
98%
Indiana
98%
Maine
98%
Minnesota
98%
Montana
98%
Nebraska
98%
Nevada
98%
New York
98%
North Carolina
98%
North Dakota
98%
Ohio
98%
Rhode Island
98%
South Dakota
98%
Tennessee
98%
Alabama
97%
Alaska
97%
Arizona
97%
Arkansas
97%
California
97%
Hawaii
97%
Iowa
97%
Louisiana
97%
Michigan
97%
New Hampshire
97%
New Jersey
97%
Pennsylvania
97%
Texas
97%
Utah
97%
Virginia
97%
Washington
97%
West Virginia
97%
Connecticut
96%
Idaho
96%
Kentucky
96%
Maryland
96%
Mississippi
96%
New Mexico
96%
Oklahoma
96%
Oregon
96%
South Carolina
96%
Wisconsin
96%
Wyoming
96%
Delaware
95%
Kansas
95%
Massachusetts
95%
Missouri
95%
Vermont
95%
No matching quizzes found
Score Distribution
Percent of People with Each Score
Percentile by Number Answered
Your Score History
You have not taken this quiz